The Student teacher's handbook / (Record no. 185793)
[ view plain ]
| 000 -LEADER | |
|---|---|
| fixed length control field | 00817 a2200217 4500 |
| 003 - CONTROL NUMBER IDENTIFIER | |
| control field | Nust |
| 005 - DATE AND TIME OF LATEST TRANSACTION | |
| control field | 20230123093413.0 |
| 010 ## - LIBRARY OF CONGRESS CONTROL NUMBER | |
| LC control number | 79002239 |
| 020 ## - INTERNATIONAL STANDARD BOOK NUMBER | |
| International Standard Book Number | 0064601862 : |
| 040 ## - CATALOGING SOURCE | |
| Transcribing agency | Nust |
| 082 00 - DEWEY DECIMAL CLASSIFICATION NUMBER | |
| Classification number | 370.733,SCH |
| 245 04 - TITLE STATEMENT | |
| Title | The Student teacher's handbook / |
| Statement of responsibility, etc. | Andrew I. Schwebel ... [et al.]. |
| 250 ## - EDITION STATEMENT | |
| Edition statement | 1st ed. |
| 260 ## - PUBLICATION, DISTRIBUTION, ETC. | |
| Place of publication, distribution, etc. | New York : |
| Name of publisher, distributor, etc. | Barnes & Noble Books, |
| Date of publication, distribution, etc. | c1979. |
| 300 ## - PHYSICAL DESCRIPTION | |
| Extent | viii, 264 p. ; |
| Dimensions | 21 cm. |
| 490 0# - SERIES STATEMENT | |
| Series statement | The Barnes & Noble outline series ; CO 186 |
| 505 ## - FORMATTED CONTENTS NOTE | |
| Formatted contents note | Part 1:- Beginnings (Page-3), Part 2:- Relationships (Page-39), Part 3:- Content and Form (Page-125), Part 4:- Today and Tomorrow (Page-193), Part 5:- Useful Knowledge (Page-229). |
| 650 #0 - SUBJECT ADDED ENTRY--TOPICAL TERM | |
| Topical term or geographic name entry element | Student teaching |
| General subdivision | Handbooks, manuals, etc. |
| 9 (RLIN) | 107341 |
| 700 1# - ADDED ENTRY--PERSONAL NAME | |
| Personal name | Schwebel, Andrew I. |
| 9 (RLIN) | 107342 |
| 942 ## - ADDED ENTRY ELEMENTS (KOHA) | |
| Source of classification or shelving scheme | |
| Koha item type | Book |
| Call number prefix | 370.733,SCH |
| Withdrawn status | Lost status | Source of classification or shelving scheme | Damaged status | Not for loan | Permanent Location | Current Location | Shelving location | Date acquired | Full call number | Barcode | Date last seen | Price effective from | Koha item type | Public note |
|---|---|---|---|---|---|---|---|---|---|---|---|---|---|---|
| Military College of Signals (MCS) | Military College of Signals (MCS) | General Stacks | 12/12/2016 | 370.733,SCH | MCS20753 | 12/08/2016 | 12/12/2016 | Book | Almirah No.54, Shelf No.2 |
